Diagnóstico de la situación de la industria químca [sic] en Costa Rica

Guardado en:
Bibliografiske detaljer
Hovedforfatter: Mora Alvarado, Aldo
Format: Bog
Udgivet: San José, C.R. 2004
Fag:
Tags: Tilføj Tag
Ingen Tags, Vær først til at tagge denne postø!

MARC

LEADER 00000nam a2200000Ia 4500
003 009527
005 20221231144130.0
008 140114s2004 cr a m 000 ||s d
040 |c cru CEDI  
090 |a TFG 5068 
100 |a Mora Alvarado, Aldo  |9 6013 
245 |a Diagnóstico de la situación de la industria químca [sic] en Costa Rica  
260 |c 2004  |a  San José, C.R. 
300 |a ix, 90 hojas : ilustraciones, color  
500 |a Proyecto de graduación (licenciatura en ingeniería química)--Universidad de Costa Rica. Facultad de Ingeniería. Escuela de Ingeniería Química 
650 |x INDUSTRIAS QUIMICAS   |x  COSTA RICA  |9 6014 
942 |c TFG 
999 |c 17355  |d 17355